| Поле | Название | Значение |
| |
Тип записи |
c |
| |
Библиографический уровень |
m |
| 001 |
Контрольный номер |
UONB/MAIN/ed4f7ccd977a406ba13dddca4e0cbb87 |
| 005 |
Дата корректировки |
20251205103158.0 |
| 010 |
Индекс ISBN |
__ |
| d |
Цена |
55 к. |
| 9 |
Тираж |
22000 экз. |
| 071 |
Издательские номер (звукозапись и ноты) |
21 |
| a |
Номер, присвоенный агентством |
12182 |
| 100 |
Данные общей обработки |
__ |
| a |
Данные общей обработки |
20220506b1982 m##y0rusy0189 ca |
| 101 |
Язык документа |
0_ |
| a |
Язык текста |
rus |
| f |
Язык титульного листа |
rus |
| 102 |
Страна публикации |
__ |
| a |
Страна публикации |
RU |
| 125 |
Кодированные данные звукозаписи и нотных изданий |
__ |
| a |
Форма изложения нотного текста |
a |
| 128 |
Кодированные данные (звукозаписи-физические характеристики) |
__ |
| a |
Кодированные данные: Музыкальная форма и тональность или лад |
ai |
| c |
Инструменты или голоса, рекомендуемые для солистов (устаревшее) |
vu |
| 200 |
Заглавие и сведения об ответственности |
1_ |
| a |
Заглавие |
Вып. 86 |
| e |
Сведения, относящиеся к заглавию |
[перелож. для вокально-инструм. ансамбля] |
| 208 |
Область специфических сведений: ноты |
__ |
| a |
Форма изложения нотного текста |
Партитура |
| 210 |
Выходные данные |
1_ |
| d |
Дата издания |
1982 |
| 215 |
Физическое описание |
__ |
| d |
Формат |
22 см |
| a |
Объем |
78 с. |
| 327 |
Примечание о содержании |
11 |
| a |
Примечание о содержании |
Содерж. : Кеворков В. Старый катер / сл. В. Бакалдина. - Фиготин Б. Мы служим Отчизне / сл. Б. Дубровина. - Бинкин З. Подари свою радость / сл. Н. Нагнибеды. - Певзнер К. Весенний дуэт / сл. А. Арканова. - Мажуков А. Прошу тебя, не уходи / сл. Т. Кондратовой. - Что ты жадно глядишь на дорогу? : рус. нар. песня / обраб. О. Агафонова, сл. Н. Некрасова. - Фрадкин М. Ходит по полю девчонка / сл. Н. Рыленкова. - Рубашевский В. Первая обида / сл. М. Львовского. - Дубравин Я. Мне немного жаль / сл. И. Талькова. - Блок В. На север лебеди летят / сл. Ю. Медведева. |
| 461 |
Уровень набора |
_0 |
| 1 |
|
2001 |
| a |
|
Поем и танцуем |
| b |
|
Ноты |
| v |
|
Вып. 86 |
| 1 |
|
2101 |
| a |
|
М. |
| c |
|
Музыка |
| d |
|
1965 - |
| 1 |
|
001UONB/MAIN/4fde9fb1b77a4474bcd01598adf6aca3 |
| 464 |
Аналитический уровень |
_0 |
| 1 |
|
700 1 |
| a |
|
Кеворков |
| b |
|
В. |
| 1 |
|
2001 |
| a |
|
Старый катер |
| e |
|
Море катит, море катит гребни пенные... |
| 1 |
|
702 1 |
| a |
|
Бакалдин |
| b |
|
В. |
| 4 |
|
520 |
| 464 |
Аналитический уровень |
_0 |
| 1 |
|
700 1 |
| b |
|
Фиготин |
| a |
|
Б. |
| 1 |
|
2001 |
| a |
|
Мы служим Отчизне |
| e |
|
В ученьях, трудах и походах... |
| 1 |
|
702 1 |
| a |
|
Дубровин |
| b |
|
Б. |
| 4 |
|
520 |
| 464 |
Аналитический уровень |
_0 |
| 1 |
|
700 1 |
| a |
|
Бинкин |
| b |
|
З. |
| 1 |
|
2001 |
| a |
|
Подари свою радость |
| e |
|
Подари свою радость рассвету... |
| 1 |
|
702 1 |
| a |
|
Нагнибеда |
| b |
|
Н. |
| 4 |
|
520 |
| 464 |
Аналитический уровень |
_0 |
| 1 |
|
2001 |
| a |
|
Что ты жадно глядишь на дорогу? |
| e |
|
Что ты жадно глядишь на дорогу?.. |
| e |
|
рус. нар. песня |
| 1 |
|
702 1 |
| a |
|
Агафонов |
| b |
|
О. |
| 4 |
|
030 |
| 1 |
|
702 1 |
| a |
|
Некрасов |
| b |
|
Н. |
| 4 |
|
520 |
| 464 |
Аналитический уровень |
_0 |
| 1 |
|
700 1 |
| a |
|
Певзнер |
| b |
|
К. |
| 1 |
|
2001 |
| a |
|
Весенний дуэт |
| e |
|
Друг за другом гаснут звезды в вышине... |
| 1 |
|
702 1 |
| a |
|
Арканов |
| b |
|
А. |
| 4 |
|
520 |
| 464 |
Аналитический уровень |
_0 |
| 1 |
|
700 1 |
| a |
|
Мажуков |
| b |
|
А. |
| 1 |
|
2001 |
| a |
|
Прошу тебя, не уходи |
| e |
|
Прошу тебя, не уходи... |
| 1 |
|
702 1 |
| a |
|
Кондратова |
| b |
|
Т. |
| 4 |
|
520 |
| 464 |
Аналитический уровень |
_0 |
| 1 |
|
700 1 |
| a |
|
Фрадкин |
| b |
|
М. |
| 1 |
|
2001 |
| a |
|
Ходит по полю девчонка |
| e |
|
До заката путь далек... |
| 1 |
|
702 1 |
| a |
|
Рыленков |
| b |
|
Н. |
| 4 |
|
520 |
| 464 |
Аналитический уровень |
_0 |
| 1 |
|
700 1 |
| a |
|
Рубашевский |
| b |
|
В. |
| 1 |
|
2001 |
| a |
|
Первая обида |
| e |
|
Первая обида... |
| 1 |
|
702 1 |
| a |
|
Львовский |
| b |
|
М. |
| 4 |
|
520 |
| 464 |
Аналитический уровень |
_0 |
| 1 |
|
700 1 |
| a |
|
Дубравин |
| b |
|
Я. |
| 1 |
|
2001 |
| a |
|
Мне немного жаль |
| e |
|
Ночь прошла. как тень... |
| 1 |
|
702 1 |
| a |
|
Тальков |
| b |
|
И. |
| 4 |
|
520 |
| 1 |
|
702 1 |
| a |
|
Савельев |
| b |
|
В. |
| 4 |
|
520 |
| 464 |
Аналитический уровень |
_0 |
| 1 |
|
700 1 |
| a |
|
Блок |
| b |
|
В. |
| 1 |
|
2001 |
| a |
|
На север лебеди летят |
| e |
|
Опять в тайге запело лето... |
| 1 |
|
702 1 |
| a |
|
Медведев |
| b |
|
Ю. |
| 4 |
|
520 |
| 512 |
Заглавие обложки |
1_ |
| a |
Заглавие обложки |
Поем и танцуем |
| 606 |
Тематические рубрики |
0_ |
| a |
Основная рубрика |
Вокально-инструментальные ансамбли |
| x |
Основная подрубрика |
Песни советских композиторов |
| x |
Основная подрубрика |
Лирические песни |
| x |
Основная подрубрика |
Эстрадные песни советских композиторов |
| x |
Основная подрубрика |
Песни о России |
| 610 |
Ключевые слова |
0_ |
| a |
Ключевые слова |
эстрадные песни; танцевальная музыка; лирические песни; песни советских композиторов; вокально-инструментальные ансамбли; песни о России |
| 686 |
Индексы других классификаций |
__ |
| 2 |
Код системы |
rubbk |
| a |
Классификационный индекс |
85.942.8-09я43П |
| 801 |
Источник записи |
_0 |
| a |
Страна |
RU |
| b |
Организация |
Ульяновская ОНБ |
| c |
Дата составления |
20220506 |
| g |
Правила каталогизации |
RCR |
| 801 |
Источник записи |
_1 |
| a |
Страна |
RU |
| b |
Организация |
Ульяновская ОНБ |
| c |
Дата составления |
20220506 |
| g |
Правила каталогизации |
RCR |
| 901 |
Тип документа |
__ |
| t |
Тип документа |
n |
| w |
Контрольный № источника |
UONB/MAIN/4fde9fb1b77a4474bcd01598adf6aca3 |
| 909 |
Создатель записи |
__ |
| a |
Создатель записи |
Никитина Т. А. |